International Business 16/e

Wedi'i Gadw mewn:
Manylion Llyfryddiaeth
Prif Awdur: Daniels
Fformat: Llyfr
Cyhoeddwyd: Pearson
Tagiau: Ychwanegu Tag
Dim Tagiau, Byddwch y cyntaf i dagio'r cofnod hwn!

MARC

LEADER 00000nam a2200000Ia 4500
005 20260513122055.0
020 |a 9789352861880 
100 |a Daniels 
365 |c Rs. 
365 |b 25.00 
942 |c BK 
245 |a International Business 16/e 
260 |b Pearson 
999 |c 123  |d 123 
952 |0 0  |1 0  |4 0  |7 0  |a UNSW  |b UNSW  |d 2026-05-06  |g 1040.00  |i 16683  |l 0  |p 000051  |r 2026-05-13 12:20:55  |v 1040.00  |w 2026-05-13  |y BK